30 Largest Cities with Same Initial as Country - Statistics

General Stats
  • This quiz has been taken 196 times
  • The average score is 31 of 60
Answer Stats
ANSWER % Correct
Mexico
94%
Mexico
94%
Brazil
92%
Brazil
92%
Brazil
92%
Mexico City
89%
Brasília
85%
China
83%
China
83%
China
83%
China
83%
China
83%
China
83%
India
78%
Belo Horizonte
70%
Algeria
68%
Algiers
68%
Spain
63%
Canada
61%
Colombia
61%
South Korea
61%
Seoul
60%
Monterrey
56%
Sevilla
56%
Chengdu
54%
Tunis
54%
Tunisia
54%
Guatemala
53%
Guatemala City
53%
Pakistan
52%
Panama
52%
Panama City
52%
Stockholm
51%
Sweden
51%
Calgary
50%
Cali
50%
Iran
48%
Chongqing
46%
Singapore
46%
Singapore
46%
Kuwait
41%
Kuwait City
39%
Belém
37%
Taipei
37%
Taiwan
37%
Taiwan
37%
Belgium
34%
Brussels
34%
Mozambique
26%
Maputo
24%
Isfahan
23%
Changsha
21%
Indore
20%
Peshawar
19%
Changchun
15%
Venezuela
13%
Changzhou
10%
Taichung
10%
Cixi
8%
Valencia
8%
No matching quizzes found
Score Distribution
Percent of People with Each Score
Percentile by Number Answered
Your Score History
You have not taken this quiz